2015 Canadian jurisdictional applications of valuation standards (Record no. 115468)

MARC details
000 -LEADER
fixed length control field 01429cad a22002655a 4500
001 - CONTROL NUMBER
control field L158707
008 - FIXED-LENGTH DATA ELEMENTS--GENERAL INFORMATION
fixed length control field 130206s2015 xxk f 000 0 eng d
020 ## - INTERNATIONAL STANDARD BOOK NUMBER
International Standard Book Number 9781783210336
035 ## - SYSTEM CONTROL NUMBER
System control number (Sirsi) u158707
041 0# - LANGUAGE CODE
Language code of text/sound track or separate title eng
110 2# - MAIN ENTRY--CORPORATE NAME
Corporate name or jurisdiction name as entry element Royal Institution of Chartered Surveyors
9 (RLIN) 4900
245 ## - TITLE STATEMENT
Title 2015 Canadian jurisdictional applications of valuation standards
Medium [electronic resource]
260 ## - PUBLICATION, DISTRIBUTION, ETC.
Place of publication, distribution, etc. London
Name of publisher, distributor, etc. RICS
Date of publication, distribution, etc. 2015
300 ## - PHYSICAL DESCRIPTION
Extent 11p.
490 #0 - SERIES STATEMENT
Series statement RICS Guidance Note
520 ## - SUMMARY, ETC.
Summary, etc. Intended to assist RICS members who are also AIC members in ensuring that a valuation report that is compliant with Canadian Uniform Standards of Professional Appraisal Practice (CUSPAP) is also compliant with the RICS Valuation - Professional Standards (the Red Book). The guidance note covers the purpose of the document; terminology in CUSPAP and Red Book; compliance; issues such as Canadian provincial licensing, privacy legislation, and appraisal/review/consulting/reserve fund planning standards. Effective from June 2015.
590 ## - LOCAL NOTE (RLIN)
Local note KA
650 24 - SUBJECT ADDED ENTRY--TOPICAL TERM
Topical term or geographic name entry element VALUATION STANDARDS
650 24 - SUBJECT ADDED ENTRY--TOPICAL TERM
Topical term or geographic name entry element LICENSING
651 #4 - SUBJECT ADDED ENTRY--GEOGRAPHIC NAME
Geographic name Canada
690 ## - LOCAL SUBJECT ADDED ENTRY--TOPICAL TERM (OCLC, RLIN)
Topical term or geographic name as entry element Valuation
9 (RLIN) 6273
710 1# - ADDED ENTRY--CORPORATE NAME
Corporate name or jurisdiction name as entry element Appraisal Institute of Canada
9 (RLIN) 829
856 40 - ELECTRONIC LOCATION AND ACCESS
Uniform Resource Identifier <a href="https://www.isurv.com/downloads/download/2011/canadian_jurisdictional_applications_of_valuation_standards_2015">https://www.isurv.com/downloads/download/2011/canadian_jurisdictional_applications_of_valuation_standards_2015</a>
Public note Archived on isurv with English and French versions (subscription required)
942 ## - ADDED ENTRY ELEMENTS (KOHA)
Suppress in OPAC 0
Source of classification or shelving scheme Dewey Decimal Classification
Holdings
Withdrawn status Lost status Source of classification or shelving scheme Damaged status Not for loan Home library Current library Shelving location Date acquired Total Checkouts Full call number Barcode Date last seen Copy number Price effective from Koha item type
    Dewey Decimal Classification     Virtual Virtual Online 26/06/2015   iSurv 158707-2001 28/04/2023 1 06/08/2019 Book